| 000 | 00524nam a2200169 4500 | ||
|---|---|---|---|
| 001 | 116432 | ||
| 003 | ES-MaACL | ||
| 005 | 20230906190715.0 | ||
| 007 | t| | ||
| 008 | 061121s1970 sp r ||||1| spa d | ||
| 100 | 1 |
_aOstermann, Heinrich. _987815 |
|
| 245 | 1 | 3 |
_aEl futuro del laico en la iglesia / _cHeinrich Ostermann ; versión de Julio Sierra Benayas. |
| 260 |
_aEstella (Navarra) : _bVerbo Divino, _c1970. |
||
| 300 |
_a165 p. ; _c18 cm. |
||
| 700 | 1 |
_aSierra, Julio. _9106256 |
|
| 852 |
_aES-MaACL _jC-49624 _bR.74554 |
||
| 999 |
_c116432 _d116432 |
||